[Event "URS-ch48 Final"]
[Site "Vilnius"]
[Date "1980.12.??"]
[Round "?"]
[White "Geller, Efim P"]
[Black "Kupreichik, Viktor D"]
[Result "1-0"]
[WhiteElo "2565"]
[BlackElo "2535"]
[PlyCount "83"]
[EventDate "1980.12.25"]
[EventType "tourn"]
[EventRounds "17"]
[EventCountry "LTU"]
[EventCategory "12"]
[SourceTitle "URS-ch"]
[Source "ChessBase"]
[SourceDate "1999.07.01"]
[SourceVersion "1"]
[SourceVersionDate "1999.07.01"]
[SourceQuality "1"]

1. Nf3 {Bulletin} d5 2. c4 d4 3. g3 ({RR} 3. e3) 3... Nc6 4. Bg2 e5 5. O-O Nf6 6. d3 Nd7 7. Na3 Bxa3 ({RR} 7... Be7 8. Nc2 O-O 9. Bd2 a5 10. b3 Nc5 11. Rb1 f6 12. a3 Bf5 13. b4 axb4 14. axb4 Ne6 15. Nh4 Bg4 16. b5 Nb8 17. Bxb7 Ra7 18. Bd5 Qc8 19. Bb4 Bxb4 20. Nxb4 Kh8 21. Bg2 Nc5 22. Qd2 {Makarian,R (2547)-Ahmad,K (2406) chess.com INT 2024 1-0 (38)}) ({RR} 7... Be7 8. Nc2 O-O 9. e3 Bf6 10. exd4 exd4 11. b4 Nde5 12. Nxe5 Nxe5 13. Bf4 a5 14. Bxe5 Bxe5 15. b5 Bd6 16. Bd5 Bc5 17. Qf3 Rb8 18. Rfe1 Qg5 19. Re4 h5 20. Nxd4 Bg4 21. Qf4 Qxf4 22. Rxf4 {Kochyev,A (2555)-Kupreichik,V (2490) Ashkhabad 1978 MCL [Bulletin] 1-0 (68)}) 8. bxa3 O-O 9. a4 a5 $146 ({RR} 9... Re8 10. Nd2 a5 11. Rb1 Nb4 12. a3 Na6 13. Ne4 Ndc5 14. Nxc5 Nxc5 15. Rb5 c6 16. Rxc5 Qd6 17. Rb5 cxb5 18. axb5 a4 19. Qc2 Qe7 20. Qb2 Bf5 21. Bd2 Qd7 22. c5 e4 23. Rc1 Rac8 24. Qb4 {Cvek,R (2532)-Najer,E (2670) Pardubice 2008 0-1 (33)}) 10. Rb1 Nb4 11. a3 Na6 12. e3 Nac5 13. exd4 exd4 14. Bb2 Ra6 15. Bxd4 Rd6 16. Qc2 Nxd3 17. Qc3 g6 18. Qxd3 c5 19. Qc3 cxd4 20. Nxd4 Nc5 21. Nb5 Rd3 22. Qe5 Nxa4 23. Rfe1 Nb6 24. Bf1 Nxc4 25. Qe4 Nxa3 26. Qxd3 Nxb1 27. Qxd8 Rxd8 28. Rxb1 Bf5 29. Ra1 b6 30. Na3 Rd6 31. f3 h5 32. Nc4 Rc6 33. Kf2 Be6 34. Na3 Rc3 35. Be2 Rb3 36. Nc2 Rb2 37. Nd4 Bd7 38. Ke3 Kf8 39. Kd3 Rb4 40. Kc3 Ba4 41. h4 Ke7 42. Bc4 1-0

[Event "Match/Continent America-Europe"]
[Site "Mar del Plata"]
[Date "1981.02.19"]
[Round "7"]
[White "Quinteros, Miguel Angel"]
[Black "Larsen, Bent"]
[Result "1-0"]
[WhiteElo "2505"]
[BlackElo "2610"]
[PlyCount "87"]
[EventDate "1981.02.08"]
[EventType "team"]
[EventRounds "8"]
[EventCountry "ARG"]
[SourceTitle "MCD"]
[Source "ChessBase"]
[SourceDate "1999.07.01"]
[SourceVersion "1"]
[SourceVersionDate "1999.07.01"]
[SourceQuality "1"]

1. Nf3 {Hera,Imre} d5 2. g3 Nc6 3. c4 d4 4. Bg2 e5 5. O-O Nf6 6. d3 Bd6 7. Na3 Bxa3 ({RR} 7... h6 8. Nc2 O-O 9. b4 Re8 10. a3 Bf8 11. Bb2 Bf5 12. Qd2 a6 13. Rad1 Qd7 14. Rfe1 b5 15. cxb5 axb5 16. e3 dxe3 17. Nxe3 Bh3 18. Bh1 Ra6 19. Qc3 Raa8 20. Qd2 Bf5 21. Bg2 Bh3 22. Bh1 {Vinter Schou,U (2317)-Ovetchkin,R (2483) Porto Santo POR 2024 ½-½}) ({RR} 7... O-O 8. Rb1 Re8 9. Nc2 a5 10. b3 h6 11. a3 Bf5 ({RR} 11... Qe7 12. Qd2 Bf5 13. b4 axb4 14. axb4 Qd7 15. b5) 12. b4 axb4 13. axb4 Qd7 14. b5 Nd8 ({RR} 14... Na5 15. e3 Bg6 ({RR} 15... Bh7 16. exd4 e4 17. Nd2 exd3 18. Ne3) 16. e4 ({RR} 16. Bb2 e4 17. dxe4 Nxc4 18. Bxd4 Nxe4 19. Bxg7 f6) ({RR} 16. exd4 e4 17. dxe4 ({RR} 17. Ne5 Bxe5 18. dxe5 exd3) ({RR} 17. Nd2 Bh5 18. f3 exd3 19. Ne1 Bg6) 17... Nxe4 18. Bb2 Nxc4) ({RR} 16. Nh4 Bh7 17. e4 ({RR} 17. exd4 e4 18. c5 ({RR} 18. dxe4 Nxe4) 18... exd3 19. Ne3 Bf8 20. Nf3 Ne4) 17... Nxc4 18. dxc4 Nxe4 19. Bb2 Nc5 ({RR} 19... Ra2 20. Bxe4 Bxe4 21. Nxd4 Bxb1 22. Qxb1 Rxb2 23. Qxb2 exd4 24. Qxd4) 20. Ra1 Rxa1 21. Nxa1 ({RR} 21. Bxa1 Bd3 22. Re1 Bxc4) 21... Nd3 22. Qe2 Ra8) 16... Nxc4 17. dxc4 Nxe4 18. Bb2 Ra2 19. Ncxd4 Bc5 ({RR} 19... exd4 20. Qxd4 Nf6) 20. Qb3 Rxb2 21. Qxb2 exd4 22. Rbe1 Qd6 23. Nh4 ({RR} 23. Nd2 f5 24. Nb3 Bf7) 23... Bh7 24. Bxe4 Bxe4 25. f3 d3+ 26. Kh1 d2 27. Rd1 Bd3 28. Rxd2 Bxf1 29. Rxd6) 15. e3 dxe3 16. Nxe3 Bh7 ({RR} 16... Bh3 17. Bb2 Nh7 18. d4 e4 19. Ne5 Bxe5 20. dxe5 Qxd1 21. Rfxd1 Bxg2 22. Kxg2 Ng5) 17. Bb2 c6 18. Ra1 Rxa1 19. Qxa1 cxb5 ({RR} 19... Bxd3 20. Rd1 Be2 21. Nxe5 Qc7 ({RR} 21... Rxe5 22. Bxe5 Bxd1 23. Bxf6) 22. Rd2 Bxe5 23. Bxe5 Rxe5 24. Rxe2) ({RR} 19... Qc7 20. d4 e4 21. Nh4) ({RR} 19... Qe6 20. Rd1) 20. Nxe5 Qc7 21. Nf3 ({RR} 21. d4 bxc4 22. N5xc4 Bf8 23. Rc1) 21... Be7 ({RR} 21... Rxe3 22. fxe3 Bxd3 23. Bxf6 gxf6 24. Rd1 bxc4 25. Qxf6 Ne6 26. Bh3 Be7 27. Qxh6 c3 28. Bxe6 c2 29. Rc1 Ba3 30. Ne1 Bxc1 31. Nxd3 Bd2) 22. Rc1 {Larsen,B-Geller,E Copenhagen 1960 CBM 207 [Hera,Imre] 1-0 (39)} {RR} Bxd3 23. Nd5 Nxd5 ({RR} 23... Qd6 24. Be5) 24. cxd5 Qd6 25. Bxg7) 8. bxa3 O-O 9. Rb1 Rb8 10. Nd2 $146 ({RR} 10. Ne1 Bd7 11. Nc2 Re8 12. Re1 Qe7 13. Bd2 Qe6 14. e3 dxe3 15. Bxe3 a6 16. Qd2 Red8 17. Qc3 Qf5 18. d4 Qh5 19. d5 Ne7 20. Ba7 Ng4 21. h3 Nxf2 22. Kxf2 Bxh3 23. Bxb8 Rxb8 24. Rxe5 Nf5 {Brodsky,M (2597)-Andrieu,P (2048) Le Touquet 2007 1-0}) ({RR} 10. a4 Re8 11. Ba3 Bd7 12. Nd2 b6 13. Qc2 Ne7 14. Nf3 Ng6 15. Rfe1 h5 16. a5 c5 17. e3 h4 18. exd4 hxg3 19. hxg3 exd4 20. Rxe8+ Bxe8 21. Nd2 Qd6 22. Nb3 Bd7 23. Qd1 Ne5 {½-½ (23) Rouler,C (2335)-Ber,Y (2040) Nimes 2009}) 10... Bd7 11. Nb3 Qe7 12. e3 dxe3 13. fxe3 Rfe8 14. h3 Nd8 15. d4 Bc6 16. d5 Ba4 17. e4 Nd7 18. Qe1 b6 19. Qb4 Qxb4 20. axb4 Nb7 21. Be3 Nd6 22. Rbc1 Rec8 23. c5 Nb5 24. Nd2 Na3 25. c6 Nf8 26. Nb1 Nxb1 27. Rxb1 a6 28. Rf2 Rd8 29. Bf1 Bb5 30. a4 Bxf1 31. Rbxf1 f6 32. g4 h6 33. h4 Nh7 34. g5 hxg5 35. hxg5 b5 36. a5 fxg5 37. Rf7 Rbc8 38. Bb6 cxb6 39. axb6 Nf6 40. R1xf6 gxf6 41. Ra7 Kf8 42. b7 Rb8 43. c7 Ke7 44. d6+ 1-0

[Event "Moscow-4teams"]
[Site "Moscow"]
[Date "1981.02.24"]
[Round "2.5"]
[White "Tal, Mihail"]
[Black "Kupreichik, Viktor D"]
[Result "1-0"]
[WhiteElo "2555"]
[BlackElo "2575"]
[PlyCount "61"]
[EventDate "1981.02.22"]
[EventType "team"]
[EventRounds "6"]
[EventCountry "URS"]
[SourceTitle "MCL"]
[Source "ChessBase"]
[SourceDate "1999.07.01"]
[SourceVersion "1"]
[SourceVersionDate "1999.07.01"]
[SourceQuality "1"]
[WhiteTeam "Soviet Union"]
[BlackTeam "Soviet Union II"]
[WhiteTeamCountry "URS"]
[BlackTeamCountry "URS"]

1. Nf3 Nf6 2. g3 d5 3. Bg2 Nc6 4. O-O e5 5. d3 Bg4 6. h3 Bf5 ({RR} 6... Bxf3 7. Bxf3 h6 8. Nc3 Bc5 9. e4 dxe4 10. Nxe4 Bb6 11. Be3 Bxe3 12. fxe3 O-O 13. Nxf6+ Qxf6 14. Be4 Qg5 15. Qf3 Nb4 16. h4 Qe7 17. c3 Nc6 18. Bxc6 bxc6 19. Qxc6 Rab8 20. b4 Rb6 21. Qc4 {Baer,B (1945)-Milewska,A (1769) Peterborough ENG 2024 ½-½ (41)}) 7. Nc3 ({RR} 7. c3 Qd7 8. Kh2 Be7 9. b4 a6 10. Bb2 O-O 11. a4 b5 12. Nbd2 Rfd8 13. Qc2 h6 14. Rfd1 g5 15. e4 Be6 16. Nf1 g4 17. hxg4 Nxg4+ 18. Kg1 d4 19. Rac1 Rac8 20. axb5 axb5 21. N1h2 Nxh2 {Belov,V (2540)-Ponomariov,B (2472) Kaluga 2003 1-0 (39)}) 7... Qd7 $146 ({RR} 7... Be7 8. Bg5 Qd7 9. Nxd5 Qxd5 10. e4 Bxe4 11. dxe4 Qxd1 12. Raxd1 O-O 13. Nd2 Rfd8 14. Nc4 h6 15. Be3 b5 16. Na3 a6 17. c3 Rxd1 18. Rxd1 Rd8 19. Rxd8+ Nxd8 20. Nc2 Ne6 21. Kf1 Kf8 22. Ke2 {Uusi,G-Ravinsky,G Leningrad 1954 ½-½ (41)}) 8. Kh2 h6 9. e4 Be6 10. exd5 Nxd5 11. Re1 Nxc3 12. bxc3 Bd6 13. d4 exd4 14. Nxd4 Nxd4 15. cxd4 c6 16. c4 O-O 17. d5 cxd5 18. Bb2 Bc5 19. cxd5 Bf5 20. Qd2 Rac8 21. Rac1 f6 22. Bd4 Ba3 23. Rxc8 Rxc8 24. Bxa7 Qa4 25. d6 Kh8 26. Qd5 Bd7 27. Be3 Qc4 28. Qxb7 Be6 29. Bxh6 gxh6 30. Qe7 Bf7 31. Qxf6+ 1-0

[Event "URS-ch49 Final"]
[Site "Frunze"]
[Date "1981.12.??"]
[Round "7"]
[White "Gulko, Boris F"]
[Black "Timoscenko, Gennadij A"]
[Result "1-0"]
[WhiteElo "2590"]
[BlackElo "2510"]
[PlyCount "67"]
[EventDate "1981.11.28"]
[EventType "tourn"]
[EventRounds "17"]
[EventCountry "URS"]
[EventCategory "12"]
[SourceTitle "URS-ch"]
[Source "ChessBase"]
[SourceDate "1999.07.01"]
[SourceVersion "1"]
[SourceVersionDate "1999.07.01"]
[SourceQuality "1"]

1. Nf3 d5 2. b3 Bg4 3. e3 e5 4. h3 Bxf3 5. Qxf3 Nf6 6. Bb2 Bd6 7. Qg3 Qe7 8. Qxg7 Rg8 9. Qh6 Nbd7 10. Qh4 $146 ({RR} 10. g4 Nf8 11. g5 Ne4 12. h4 c6 13. d3 Nc5 14. Nd2 O-O-O 15. Bh3+ Kb8 16. O-O-O a5 17. f4 b5 18. fxe5 Bxe5 19. Bxe5+ Qxe5 20. d4 Qxe3 21. dxc5 Rg6 22. Qh5 Qxc5 23. Bf5 a4 24. Bxg6 hxg6 {Vaughan,F-Merkel,S Sydney 1932 1-0 (39)}) 10... e4 11. Nc3 c6 12. O-O-O O-O-O 13. f4 exf3 14. gxf3 Kb8 15. Qf2 Ka8 16. Be2 Ba3 17. Rhg1 Rge8 18. Qh4 Bxb2+ 19. Kxb2 Ne5 20. Qg5 Ng6 21. Bd3 Ne5 22. Qf5 Qd6 23. f4 Nf3 24. Rgf1 Nh4 25. Qg5 Ng6 26. Bxg6 fxg6 27. f5 Re5 28. d4 Rxf5 29. Rxf5 gxf5 30. Qxf5 Re8 31. Rf1 Re6 32. e4 dxe4 33. d5 cxd5 34. Nb5 1-0

[Event "Dortmunder Schachtage-11"]
[Site "Dortmund"]
[Date "1983.04.07"]
[Round "9"]
[White "Hort, Vlastimil"]
[Black "Lobron, Eric"]
[Result "1-0"]
[WhiteElo "2585"]
[BlackElo "2515"]
[PlyCount "91"]
[EventDate "1983.03.29"]
[EventType "tourn"]
[EventRounds "11"]
[EventCountry "GER"]
[EventCategory "10"]
[SourceTitle "MCD"]
[Source "ChessBase"]
[SourceDate "1999.07.01"]
[SourceVersion "1"]
[SourceVersionDate "1999.07.01"]
[SourceQuality "1"]

1. e4 {Horn,Peter} c5 2. Nf3 e6 3. d3 Nc6 4. g3 d5 5. Nbd2 Bd6 6. Bg2 Nge7 7. O-O O-O 8. Re1 Bc7 9. exd5 ({RR} 9. c3 a5 ({RR} 9... b6 10. exd5 ({RR} 10. e5 a5 11. Nf1 Ba6 12. h4 d4 13. c4 Bd6 14. N1h2) 10... exd5 11. d4 cxd4 12. Nxd4 Nxd4 13. cxd4 Bf5 14. Nf1) 10. a4 b6 11. exd5 exd5 12. d4 Bg4) 9... Nxd5 ({RR} 9... exd5 10. d4 cxd4 11. Nb3 Nf5 12. Nbxd4 Nfxd4 13. Nxd4 Bb6 14. Be3 Qf6 15. c3 Nxd4 16. Bxd4 Bxd4 17. cxd4 Qd6 18. Re5 Be6 19. Qb3 Rfd8 20. Rae1 Qb6 21. Qe3 Qxb2 22. f4 Qb4 23. f5 Bd7 24. Bxd5 {Chigaev,M (2629)-Saraci,N (2439) Eforie Nord ROU 2025 1-0 (34)}) 10. Ne4 ({RR} 10. Nb3 b6 11. c4 Nde7 12. d4 Ba6 13. dxc5 Bxc4 14. Be3 Bd5 15. Rc1 Rb8 16. cxb6 Bxb6 17. Bf4 Rc8 18. Ne5 Nb4 19. Rxc8 Qxc8 20. Nd3 Bxg2 21. Kxg2 Rd8 22. Nxb4 Rxd1 23. Rxd1 e5 24. Bd2 a5 {Warakomski,T (2490)-Edouard,R (2686) Warsaw 2012 0-1}) ({RR} 10. Nb3 b6 11. d4) 10... Bb6 $146 ({RR} 10... b6 11. d4 cxd4 12. Nxd4 Bb7 13. Bg5 Nde7 14. Nf6+ {1-0 (14) D'Amore,C (2410)-Valvo,M (2385) New York 1990}) ({RR} 10... b6 11. d4 cxd4 12. Nxd4 Nxd4 13. Qxd4 Rb8 ({RR} 13... Bb7 14. c4 Nb4 15. Qc3) 14. Bd2 Ne7 15. Qxd8 Rxd8 16. Rad1 Bb7 17. Bg5 Kf8 18. Nc3 Bxg2 19. Kxg2 a6 20. Ne4 f6 21. Bc1 Kf7 22. c4 Nc6 23. Bd2 Ne5 24. Bf4 Ke7 25. b3 {Franzoni,G (2460)-Kuijf,M (2530) Luzern 1989 CBM 016 [Horn,Peter] ½-½ (47)}) 11. a3 h6 12. c4 Nf6 13. Bf4 Nxe4 14. dxe4 Re8 15. e5 Qxd1 16. Raxd1 Rd8 17. Rxd8+ Bxd8 18. Rd1 g5 19. Be3 Be7 20. b3 Rb8 21. h4 g4 22. Nd2 Kg7 23. Bxc6 bxc6 24. h5 Ba6 25. Ne4 Rxb3 26. Bxc5 Bxc5 27. Nxc5 Rxa3 28. Rd4 Ra5 29. Nd7 f5 30. exf6+ Kf7 31. Rxg4 Rf5 32. Rg7+ Ke8 33. g4 Rf4 34. Re7+ Kd8 35. Ne5 Rxf6 36. Nxc6+ Kc8 37. Nxa7+ Kd8 38. Nc6+ Kc8 39. Ne5 Kd8 40. Rf7 Rxf7 41. Nxf7+ Ke7 42. Ne5 Kf6 43. f4 Bb7 44. Kf2 Be4 45. Ke3 Bb7 46. c5 1-0

[Event "URS-ch50 Final"]
[Site "Moscow"]
[Date "1983.04.16"]
[Round "10"]
[White "Vaganian, Rafael A"]
[Black "Beliavsky, Alexander G"]
[Result "1-0"]
[WhiteElo "2550"]
[BlackElo "2570"]
[PlyCount "81"]
[EventDate "1983.04.03"]
[EventType "tourn"]
[EventRounds "17"]
[EventCountry "URS"]
[EventCategory "14"]
[SourceTitle "URS-ch"]
[Source "ChessBase"]
[SourceDate "1999.07.01"]
[SourceVersion "1"]
[SourceVersionDate "1999.07.01"]
[SourceQuality "1"]

1. Nf3 d5 2. g3 c6 3. Bg2 Nf6 4. O-O Bf5 5. d3 e6 6. Nbd2 h6 7. Qe1 Bh7 8. e4 Be7 9. e5 Nfd7 10. Qe2 c5 ({RR} 10... Qc7 11. h4 c5 12. Re1 Nc6 13. Nf1 b5 14. a4 c4 15. d4 Qb6 16. Rd1 bxa4 17. Rxa4 O-O 18. Ne3 Be4 19. Nxc4 Qb7 20. b3 Nb6 21. Ra1 Rfc8 22. Bf1 Bxf3 23. Qxf3 dxc4 24. Qg4 Kf8 25. Qe4 {Vaganian,R (2630)-Dragomarezkij,E (2435) Moscow 1990 1-0 (32)}) ({RR} 10... O-O 11. c3 c5 12. h4 Nc6 13. Re1 Qc7 14. Nf1 b5 15. N1h2 c4 16. d4 b4 17. Ng4 a5 18. Bf4 a4 19. Qd2 a3 20. b3 bxc3 21. Qxc3 Bb4 22. Qe3 Bxe1 23. Rxe1 cxb3 24. Qxb3 Qb6 25. Qe3 {Aaron,D (2276)-Yurasova,D (2112) chess.com INT 2024 1-0 (50)}) 11. Re1 Nc6 12. Nf1 g5 $146 ({RR} 12... O-O 13. Bf4 Rc8 14. h4 Nd4 15. Qd1 Nxf3+ 16. Bxf3 c4 17. d4 Qb6 18. Bc1 c3 19. b3 Nb8 20. Be3 Ba3 21. Be2 Nc6 22. Bd3 Bxd3 23. Qxd3 Nb4 24. Qd1 Qd8 25. Nh2 f5 26. f4 Bb2 27. Rb1 {Alster,L-Vesely,J Prague 1963 0-1 (38)}) ({RR} 12... O-O 13. h4 Nd4 14. Nxd4 cxd4 15. Qg4 Kh8 16. Qxd4 Qc7 17. Re2 f6 18. exf6 Bxf6 19. Qe3 Bg8 20. Nh2 d4 21. Qf4 e5 22. Qg4 Rae8 23. Qh3 Be6 24. g4 Qd8 25. h5 Bg5 26. Nf3 Bxc1 27. Rxc1 {Surtaev,A-Telelyaev,A (2125) Barnaul 2011 0-1 (49)}) 13. h3 Qc7 14. a3 O-O-O 15. b4 cxb4 16. axb4 Bxb4 17. Bd2 Bc5 18. c3 Bb6 19. d4 Kb8 20. h4 g4 21. N3h2 h5 22. Bg5 Rc8 23. Rec1 Na5 24. Nd2 Nc4 25. Nhf1 Nb2 26. Nb1 Nc4 27. Ne3 Ka8 28. Nd2 Nb2 29. Ne4 Bxe4 30. Bxe4 Nc4 31. Nxc4 Qxc4 32. Bd3 Qc7 33. Qb2 Rhf8 34. Be7 f6 35. Bd6 Qd8 36. Rcb1 Rc6 37. Bxf8 Qxf8 38. Bb5 fxe5 39. Bxc6 bxc6 40. Qa2 Qb8 41. Qa3 1-0

[Event "EU-chT 08th Final"]
[Site "Plovdiv"]
[Date "1983.??.??"]
[Round "2.3"]
[White "Vaganian, Rafael A"]
[Black "Van der Wiel, John"]
[Result "1-0"]
[WhiteElo "2550"]
[BlackElo "2530"]
[PlyCount "71"]
[EventDate "1983.06.23"]
[EventType "team-tourn"]
[EventRounds "7"]
[EventCountry "BUL"]
[SourceTitle "EU-chT"]
[Source "ChessBase"]
[SourceDate "1999.07.01"]
[SourceVersion "2"]
[SourceVersionDate "1999.07.01"]
[SourceQuality "1"]
[WhiteTeam "Soviet Union"]
[BlackTeam "Netherlands"]
[WhiteTeamCountry "URS"]
[BlackTeamCountry "NED"]

1. Nf3 c5 2. g3 b6 3. Bg2 Bb7 4. O-O Nf6 5. d3 g6 6. e4 Bg7 7. e5 Nd5 8. Re1 ({RR} 8. Ng5 Bc6 9. f4 O-O 10. d4 cxd4 11. Qxd4 {½-½ (11) Heberla,B (2412)-Cicak,S (2528) Czech Republic 2004}) ({RR} 8. Ng5 Bc6 9. d4 cxd4 10. Qxd4 e6 11. Nf3 Ne7 12. Nbd2 O-O 13. Ne4 Nf5 14. Qd3 Bxe4 15. Qxe4 Nc6 16. Bf4 f6 17. Rad1 fxe5 18. Nxe5 Nxe5 19. Bxe5 d5 20. Qe2 Rc8 21. Rfe1 Bxe5 22. Qxe5 Ng7 {Sedlak,N (2463)-Pribelszky,B (2371) Budapest HUN 2024 ½-½ (60)}) 8... O-O 9. d4 Nc7 10. dxc5 $146 ({RR} 10. c3 Nc6 11. Bf4 cxd4 12. cxd4 Nb4 13. Nc3 Nbd5 14. Nxd5 Bxd5 15. Rc1 Ne6 16. Be3 d6 17. b3 Qd7 18. Ng5 Bxg2 19. Kxg2 Nxg5 20. Bxg5 h6 21. Be3 Rac8 22. Qd2 h5 23. Bf4 Rxc1 24. Qxc1 dxe5 {Baraeva,M (2216)-Dashko,A (2226) Belorechensk 2018 ½-½ (73)}) 10... bxc5 11. Nc3 Nc6 12. Na4 Ne6 13. Ng5 Qa5 14. c4 Rad8 15. Bf4 h6 16. Nxe6 dxe6 17. Qb3 Ba8 18. Qb5 Qxb5 19. cxb5 Nd4 20. Rac1 Bxg2 21. Kxg2 Nxb5 22. Rxc5 Rd5 23. Re4 Rfd8 24. Be3 Rxc5 25. Nxc5 Rd1 26. Na6 Rd7 27. Rb4 Nc7 28. Rb7 Bxe5 29. Bf4 Nxa6 30. Rxd7 Bxb2 31. Rxa7 Nb4 32. Rb7 Ba3 33. Bc1 Bxc1 34. Rxb4 Bd2 35. Rb2 Bc3 36. Rb3 1-0

[Event "Jakarta International"]
[Site "Jakarta"]
[Date "1983.11.25"]
[Round "10"]
[White "Torre, Eugenio"]
[Black "Lobron, Eric"]
[Result "1-0"]
[WhiteElo "2580"]
[BlackElo "2515"]
[PlyCount "102"]
[EventDate "1983.11.10"]
[EventType "tourn"]
[EventRounds "21"]
[EventCountry "INA"]
[EventCategory "11"]
[SourceTitle "MCD"]
[Source "ChessBase"]
[SourceDate "1999.07.01"]
[SourceVersion "1"]
[SourceVersionDate "1999.07.01"]
[SourceQuality "1"]

1. Nf3 c5 2. e4 e6 3. d3 Nc6 4. g3 d5 5. Nbd2 Nge7 6. Bg2 g6 7. O-O Bg7 8. Re1 b6 9. e5 h6 10. c3 g5 11. d4 ({RR} 11. h3 a5 12. Nf1 Qc7 13. d4 Nf5 14. g4 Nfe7 15. Ng3 cxd4 16. cxd4 Nb4 17. Re3 Qc2 18. Bd2 Qxd1+ 19. Rxd1 Ba6 20. Nh5 O-O 21. a3 Nd3 22. Bc3 Nf4 23. Nxf4 gxf4 24. Ree1 h5 25. gxh5 Bh6 {Murzin,V (2302)-Shubin,K (2317) Kirishi 2018 1-0 (60)}) 11... cxd4 ({RR} 11... Ng6 12. h3 O-O 13. Nf1 cxd4 14. cxd4 f6 15. exf6 Qxf6 16. Be3 Nge7 17. N1h2 Nf5 18. Ng4 Qe7 19. a3 Bd7 20. b4 Rac8 21. Qd3 Be8 22. b5 Nxe3 23. Rxe3 Na5 24. Rae1 Bf7 25. Nge5 Nc4 26. Nxc4 {Stukopin,A (2580)-Levin,E (2515) Voronezh 2015 ½-½ (44)}) 12. cxd4 g4 13. Nh4 h5 $146 ({RR} 13... Nxd4 14. Qxg4 Ndf5 15. Ndf3 Nxh4 16. Nxh4 Rg8 17. Qh5 Ba6 18. Bh3 Qc8 19. f4 Kf8 20. f5 Nxf5 21. Bxf5 exf5 22. e6 Bd4+ 23. Kh1 fxe6 24. Bxh6+ Rg7 25. Bxg7+ Bxg7 26. Ng6+ {1-0 (26) Mrva,M (2385)-Vavrak,P (2110) Martin 1996}) 14. Nb3 f5 15. Bg5 Kf7 16. Nc1 Bd7 17. Ne2 Qf8 18. Nf4 Bh6 19. Bxh6 Qxh6 20. Rc1 Rhc8 21. Bf1 a5 22. Bb5 Ra7 23. Bxc6 Bxc6 24. Qb3 Rb7 25. Qa3 Rbc7 26. Qc3 Rb7 27. Qe3 Rbc7 28. Qc3 Rb7 29. Qb3 Qf8 30. Nxh5 Ng6 31. Nxg6 Kxg6 32. Nf4+ Kf7 33. Rc3 Bd7 34. Rec1 Rxc3 35. Rxc3 a4 36. Qc2 Qb4 37. Qd2 a3 38. bxa3 Qa5 39. Qb2 Bb5 40. Kg2 Bc4 41. h3 gxh3+ 42. Nxh3 Ke8 43. Nf4 Qa4 44. Rc1 Qc6 45. Rh1 Re7 46. a4 Kd7 47. a3 Ba6 48. Qb4 Rf7 49. Rh6 Kc8 50. Nxe6 Bf1+ 51. Kh2 f4 1-0

[Event "Interpolis-08"]
[Site "Tilburg"]
[Date "1984.10.07"]
[Round "4"]
[White "Ribli, Zoltan"]
[Black "Smyslov, Vassily V"]
[Result "1-0"]
[WhiteElo "2610"]
[BlackElo "2600"]
[PlyCount "71"]
[EventDate "1984.10.03"]
[EventType "tourn"]
[EventRounds "11"]
[EventCountry "NED"]
[EventCategory "14"]
[SourceTitle "MCD"]
[Source "ChessBase"]
[SourceDate "1999.07.01"]
[SourceVersion "1"]
[SourceVersionDate "1999.07.01"]
[SourceQuality "1"]

1. Nf3 d5 2. g3 Bg4 3. Bg2 c6 4. b3 Nd7 5. Bb2 Ngf6 6. O-O g6 ({RR} 6... Bxf3 7. exf3 e6 8. f4 g6 9. d3 Bg7 10. Nd2 O-O 11. Nf3 a5 12. a3 Qc7 13. Ne5 Ne8 14. Re1 Nd6 15. c4 Rfd8 16. cxd5 cxd5 17. d4 a4 18. Rc1 Qb6 19. b4 Nxe5 20. dxe5 Nc4 21. Bd4 {Nakamura,H (2792)-Navara,D (2737) Saint Louis 2017 1-0 (39)}) ({RR} 6... h6 7. d3 e6 8. Nbd2 Bd6 9. c4 Qe7 10. Rc1 Ba3 11. Qc2 O-O 12. Qb1 a5 13. h3 Bh5 14. Rc2 Bxb2 15. Qxb2 Rfe8 16. Rfc1 Qb4 17. a3 Qb6 18. g4 Bg6 19. Ne5 Nxe5 20. Qxe5 Nd7 21. Qb2 {Woodward,A (2544)-Yagupov,I (2230) chess.com INT 2025 1-0 (69)}) 7. d4 Bg7 8. Nbd2 O-O 9. Re1 $146 ({RR} 9. c4 Ne4 10. Nxe4 dxe4 11. Ne5 Nxe5 12. dxe5 Qa5 13. Bxe4 Bxe5 14. Qc2 Rad8 15. Bxe5 Qxe5 16. Rad1 Rd6 17. Rxd6 exd6 18. Rd1 Re8 19. Bf3 Bxf3 20. exf3 Re6 21. Kg2 Kg7 22. Rd2 h5 23. h4 Qf6 {Ansh,M (2166)-Renjith,S (2131) chess.com INT 2023 1-0 (83)}) ({RR} 9. c4 Ne4 10. Nxe4 dxe4 11. Ne5 Nxe5 12. dxe5 Qa5 13. Bxe4 Bxe5 14. Qc2 Rad8 15. Bxe5 Qxe5 16. Rad1 Rd6 17. Rxd6 exd6 18. Rd1 Re8 19. Bf3 Bxf3 20. exf3 Re6 21. Kg2 Kg7 22. Rd2 h5 23. h4 Qf6 {Ansh,M (2166)-Renjith,S (2131) chess.com INT 2023 1-0 (83)}) 9... Re8 10. c4 Bxf3 11. exf3 c5 12. f4 e6 13. Rc1 b6 14. Nf1 Rc8 15. Ne3 cxd4 16. Bxd4 dxc4 17. Nxc4 Qe7 18. Qe2 Red8 19. Red1 Ne8 20. Be3 Nb8 21. h3 Nd6 22. Nxd6 Rxc1 23. Rxc1 Qxd6 24. Qc4 Bf6 25. Bf3 Qe7 26. a4 Nd7 27. b4 e5 28. Rd1 exf4 29. gxf4 Nf8 30. Rxd8 Qxd8 31. Bd5 Qd7 32. a5 bxa5 33. bxa5 Ne6 34. Bxe6 fxe6 35. a6 Be7 36. Qd4 1-0

[Event "Linares-05"]
[Site "Linares"]
[Date "1985.03.09"]
[Round "2"]
[White "Kortschnoj, Viktor Lvovich"]
[Black "Timman, Jan H"]
[Result "1-0"]
[WhiteElo "2630"]
[BlackElo "2650"]
[PlyCount "53"]
[EventDate "1985.03.08"]
[EventType "tourn"]
[EventRounds "11"]
[EventCountry "ESP"]
[EventCategory "14"]
[SourceTitle "MCL"]
[Source "ChessBase"]
[SourceDate "1999.07.01"]
[SourceVersion "1"]
[SourceVersionDate "1999.07.01"]
[SourceQuality "1"]

1. Nf3 d5 2. c4 d4 3. b4 g6 4. g3 Bg7 5. d3 b6 6. Bg2 Bb7 7. O-O e5 8. Nbd2 Ne7 9. Nb3 O-O 10. a4 Nd7 11. a5 $146 ({RR} 11. Ba3 Re8 12. b5 c5 13. bxc6 Nxc6 14. Nfd2 Bf8 15. Bxf8 Nxf8 16. a5 Nxa5 17. Nxa5 Bxg2 18. Kxg2 bxa5 19. Qa4 Rb8 20. Ne4 f5 21. Qxe8 {1-0 (21) Dizdarevic,E (2505)-Urosevic,A (2280) Zenica 2013}) 11... Rb8 12. axb6 axb6 13. Ra7 Ba8 14. Bg5 f6 15. Bd2 h6 16. Qc2 f5 17. Rfa1 c6 18. b5 Qc8 19. Qc1 Kh7 20. Qa3 Re8 21. Qd6 Bb7 22. Nh4 c5 23. Bc6 Nf6 24. Bxe8 Qxe8 25. Qxb6 Nc8 26. Qc7 Nxa7 27. Rxa7 1-0

[Event "Moscow International-A"]
[Site "Moscow"]
[Date "1985.04.??"]
[Round "?"]
[White "Vaganian, Rafael A"]
[Black "Speelman, Jonathan S"]
[Result "1-0"]
[WhiteElo "2640"]
[BlackElo "2530"]
[PlyCount "63"]
[EventDate "1985.04.12"]
[EventType "tourn"]
[EventRounds "11"]
[EventCountry "URS"]
[EventCategory "13"]
[SourceTitle "MCL"]
[Source "ChessBase"]
[SourceDate "1999.07.01"]
[SourceVersion "1"]
[SourceVersionDate "1999.07.01"]
[SourceQuality "1"]

1. Nf3 d5 2. g3 g6 3. c4 d4 4. b4 Bg7 5. d3 e5 6. Nbd2 Ne7 7. Bg2 O-O 8. O-O h6 9. a4 Be6 10. Ba3 Qc8 11. Re1 Bh3 12. Bh1 Nf5 $146 ({RR} 12... Re8 13. Nb3 Nd7 14. Nfd2 Rb8 15. b5 Nf6 16. a5 Ng4 17. b6 Qf5 18. Ne4 axb6 19. axb6 cxb6 20. Nbd2 Nc8 21. Bf3 Qd7 22. Qb3 Kh7 23. c5 bxc5 24. Nxc5 Qf5 25. Na6 Ra8 26. Nc7 Rxa3 27. Rxa3 {Emeljanov,A-Doroshkievich,V (2375) Podolsk 1990 ½-½ (59)}) 13. b5 Re8 14. Ne4 Nd7 15. e3 dxe3 16. fxe3 Nf6 17. Nxf6+ Bxf6 18. Nd2 Bg5 19. Qf3 Nd4 20. Qxb7 Qd7 21. Ra2 Rad8 22. Nf1 a6 23. Bb4 axb5 24. exd4 exd4 25. Qc6 Rxe1 26. Bxe1 Qe7 27. Qe4 Qf8 28. axb5 Re8 29. Ra8 Bd8 30. Bb4 Rxe4 31. Bxf8 Re1 32. Bg2 1-0